| 000 | 00738nam a22001575i 4500 | ||
|---|---|---|---|
| 001 | 162224 | ||
| 003 | ES-MaACL | ||
| 005 | 20230906212445.0 | ||
| 008 | 981002s1872 fr a |||| | fre d | ||
| 040 |
_aCLM _bspa _cCCPB | 3D |
||
| 100 | 1 |
_aPizzetta, Jules. _9131191 |
|
| 245 | 1 | 2 |
_aL'Aquarium d'eau douce-d'eau de mer _b: choix-formes-preparation-population-salubrité-approvisionnement- plantes-poissons-reptiles-mollusques-crustaces-insectes-infusoires : Orné de 220 vignettes / _cJules Pizzetta. |
| 260 |
_aParis : _bJ. Rothschild, éditeur : _bLibrairie de la Société Botanique de France, _c1872 ( _eStrasbourg : _fTypographie de G. Silbermann) |
||
| 300 |
_aVI, 343 p. : _bil. ; _c16 cm. |
||
| 852 |
_aES-MaACL _jD-3848 _z-- Rust. |
||
| 999 |
_c162224 _d162224 |
||